كتاب الشجرة النبوية في نسب خير البرية صلى الله عليه و سلم / (رقم التسجيلة. 3054)
[ عرض عادي ]
| 000 -LEADER | |
|---|---|
| fixed length control field | 00679nam a22001817a 4500 |
| 005 - DATE AND TIME OF LATEST TRANSACTION | |
| control field | 20251108164058.0 |
| 008 - FIXED-LENGTH DATA ELEMENTS--GENERAL INFORMATION | |
| fixed length control field | 250721s1995 xx 000 0 ara d |
| 082 14 - DEWEY DECIMAL CLASSIFICATION NUMBER | |
| Classification number | م/219/مقد |
| 100 1# - MAIN ENTRY--PERSONAL NAME | |
| Personal name | المقدسي، جمال الدين يوسف بن حسن |
| 245 10 - TITLE STATEMENT | |
| Title | كتاب الشجرة النبوية في نسب خير البرية صلى الله عليه و سلم / |
| 250 ## - EDITION STATEMENT | |
| Edition statement | ط3.,مزيدة ومنقحة |
| 264 1# - PRODUCTION, PUBLICATION, DISTRIBUTION, MANUFACTURE, AND COPYRIGHT NOTICE | |
| Place of production, publication, distribution, manufacture | بيروت : |
| Name of producer, publisher, distributor, manufacturer | دار الكلم الطيب، |
| Date of production, publication, distribution, manufacture, or copyright notice | 1995. |
| 300 ## - PHYSICAL DESCRIPTION | |
| Extent | 112ص |
| 650 17 - SUBJECT ADDED ENTRY--TOPICAL TERM | |
| Topical term or geographic name as entry element | السيرة النبوية السيرة النبوية |
| 700 1# - ADDED ENTRY--PERSONAL NAME | |
| Personal name | مستو، محي الدين ديب |
| Relator term | تحقيق |
| 942 ## - ADDED ENTRY ELEMENTS (KOHA) | |
| Source of classification or shelving scheme | Dewey Decimal Classification |
| Koha item type | مراجع |
| حالة السحب | حالة الفقدان | مصدر التصنيف | حالة التلف | غير قابل للإعارة | المكتبة الرئيسية | المكتبة الحالية | موقع الرف | تاريخ التزويد | الرقم المتسلسل | Total Checkouts | رقم الإستدعاء | الباركود | تاريخ آخر ظهور | تاريخ الفاتورة | نوع المادة (كوها) |
|---|---|---|---|---|---|---|---|---|---|---|---|---|---|---|---|
| Dewey Decimal Classification | Not For Loan | مكتبة أم قصير والمقابلين العامة | مكتبة أم قصير والمقابلين العامة | مراجع | 06/07/2004 | 5720 | م/219/مقد | 5720 | 28/07/2025 | 06/07/2004 | مراجع | ||||
| Dewey Decimal Classification | Not For Loan | مكتبة الأميرة ايمان العامة | مكتبة الأميرة ايمان العامة | مراجع | 25/11/2013 | [11630] | م/219/مقد | PLD00288112 | 28/07/2025 | 25/11/2013 | مراجع | ||||
| Dewey Decimal Classification | Not For Loan | مكتبة الاميرة بديعة | مكتبة الاميرة بديعة | مراجع | 06/07/2004 | 7316 | م/219/مقد | DUP-02_7316 | 28/07/2025 | 06/07/2004 | مراجع | ||||
| Dewey Decimal Classification | Not For Loan | مكتبة الجويدة | مكتبة الجويدة | مراجع | 16/06/2015 | [7171] | م/219/مقد | PLD00331813 | 28/07/2025 | 16/06/2015 | مراجع | ||||
| Dewey Decimal Classification | Not For Loan | مكتبة الحسن العامة | مكتبة الحسن العامة | مراجع | 28/07/2025 | 11904 | م/219/مقد | 11904 | 28/07/2025 | 28/07/2025 | مراجع | ||||
| Dewey Decimal Classification | Not For Loan | مكتبة صويلح العامة | مكتبة صويلح العامة | مراجع | 24/09/2019 | 00014596 | م/219/مقد | PLD00468852 | 28/07/2025 | 24/09/2019 | مراجع | ||||
| Dewey Decimal Classification | Not For Loan | مكتبة وادي السير العامة | مكتبة وادي السير العامة | مراجع | 06/07/2004 | 8203 | م/219/مقد | 8203 | 28/07/2025 | 06/07/2004 | مراجع |